000 nam a22 7a 4500
999 _c7668
_d7668
008 170927b xxu||||| |||| 00| 0 eng d
100 _94161
_aUppal,A.K.etal
245 _aPhysical Education & Health-XI
260 _aNew Delhi
_bFriends
_c2009